| 000 | 01738nam a22002777a 4500 | ||
|---|---|---|---|
| 999 |
_c62652 _d62652 |
||
| 003 | Ge_BSU | ||
| 005 | 20250114142206.0 | ||
| 008 | 250114s2024 ge ||||| |||| 00| 0 geo d | ||
| 020 | _a9789941488955 | ||
| 041 | _ageo | ||
| 080 | _a611.018.1(075.8)+576.3(075.8) დ-72 | ||
| 100 |
_aდოლიძე, ქეთევან _9333 _4ავტორი |
||
| 245 |
_aციტოლოგია : _bსახელმძღვანელო უმაღლესი სასწავლებლების სტუდენტებისათვის / _cქეთევან დოლიძე, მარინა ნაგერვაძე, რედ: მარინა ქორიძე, თეა ქოიავა |
||
| 264 |
_aბათუმი: _bბათუმის შოთა რუსთაველის სახელმწიფო უნივერსიტეტი, _c2024. |
||
| 300 |
_a488 გვ.: _bილ; _c22 სმ. |
||
| 501 | _aგამოყენებულ ტერმინთა განმარტებითი ლექსიკონი გვ:452-486 | ||
| 504 | _aბიბლიოგრაფ.გვ:487-488 | ||
| 653 | _aციტოლოგია | ||
| 653 | _aმედიცინა | ||
| 653 | _aბიოლოგია | ||
| 700 |
_aნაგერვაძე, მარინა _99939 _eავტორი |
||
| 700 |
_aქორიძე, მარინა _eრედაქტორი _924048 |
||
| 700 |
_aქოიავა, თეა _eრედაქტორი _910843 |
||
| 710 |
_aბათუმის შოთა რუსთაველის სახელმწიფო უნივერსიტეტი _924049 |
||
| 942 |
_2udc _cBK |
||